prawda czy fałsz - Statystyki

Ogólne statystyki
  • Ten quiz został rozwiązany 259 razy
  • Średni wynik to 7 z 16
Statystyki odpowiedzi
Zagadnienie Komórka Select % Poprawnych
prawda czy fałsz koty lubią być głaskane Nie
68%
prawda czy fałsz koty robią kupe na dworze. Nie
62%
prawda czy fałsz książki są ogromne Nie
61%
prawda czy fałsz drzewa mają 10 cm wysokości Nie
56%
prawda czy fałsz górnicy zabijają kanarki Nie
56%
prawda czy fałsz ludzie to ssaki Tak
46%
prawda czy fałsz afryka to pustynia Nie
44%
prawda czy fałsz ołówek jest zrobiony z węgla i drewna Tak
44%
prawda czy fałsz polska to największy kraj na ziemi Nie
44%
prawda czy fałsz człowiek potrzebuje wody Tak
43%
prawda czy fałsz koty piją sok pomarańczowy Nie
41%
prawda czy fałsz koty są mięso żerne Tak
41%
prawda czy fałsz wieżowce mierzą 300m wysokości Tak
34%
prawda czy fałsz tlen pomaga ludziom oddychać Tak
33%
prawda czy fałsz czy koty są ssakami Tak
29%
prawda czy fałsz czy koty są zwierzęciem Tak
29%
Nie znaleziono quizów pasujących do podanych kryteriów
Rozkład punktacji
Procent ludzi z każdym wynikiem
Percentyl według liczby udzielonych odpowiedzi
Twoja historia wyników
Nie rozwiązałeś tego quizu